| 000 | 01354nam a2200409 i 4500 | ||
|---|---|---|---|
| 001 | 46265 | ||
| 003 | KOSZ 005 | ||
| 005 | 20230109075551.0 | ||
| 008 | 050622s2004 pl f |000 0 pol | ||
| 015 | _aPB 22642/2000 | ||
| 020 | _a8320029007 | ||
| 040 |
_cKOSZ 005 _aKOSZ 005 _dKOSZ 005/HR |
||
| 041 | 0 | _apol | |
| 046 | _k2004 | ||
| 080 | _a613.2 | ||
| 080 | _a615.874 | ||
| 100 | 1 |
_aCiborowska, Helena _d(1944- ) _eAutor |
|
| 245 | 1 | 0 |
_aDietetyka : _bżywienie zdrowego i chorego człowieka / _cHelena Ciborowska, Anna Rudnicka ; współpr. Artur Ciborowski. |
| 250 | _aWyd. 2. | ||
| 260 |
_aWarszawa : _bWydaw. Lekarskie PZWL, _ccop. 2004. |
||
| 300 |
_a579 s. : _bil. ; _c21 cm. |
||
| 336 |
_2rdacontent _aTekst _btxt |
||
| 337 |
_2rdamedia _aBez urządzenia pośredniczącego _bn |
||
| 338 |
_2rdacarrier _aWolumin _bnc |
||
| 380 | _aKsiążki | ||
| 380 | _aPublikacje fachowe | ||
| 388 | _a2001- | ||
| 504 | _aBibliogr. - Indeks. | ||
| 650 | 4 | _aOdżywianie | |
| 650 | 4 | _aDietetyka | |
| 658 | _aMedycyna i zdrowie | ||
| 700 | 1 |
_aRudnicka, Anna _c(dietetyk) _eAutor |
|
| 700 | 1 |
_aCiborowski, Artur _eAutor |
|
| 710 | 2 |
_aWydawnictwo Lekarskie PZWL _4pbl |
|
| 856 |
_uhttp://koha.tu.koszalin.pl/cgi-bin/koha/opac-detail.pl?biblionumber=46265 _yKatalog online BPK |
||
| 942 |
_cKS _2UKD |
||
| 999 |
_c46265 _d46265 |
||